Statistiques concernant Pays les plus proches du Yémen

Cliquez ici pour prendre le quiz!

Statistiques générales

  • Ce quiz a été pris 82 fois
  • Le résultat moyen est 16 sur 20

Statistiques - réponses

kmpays% Correct
0Arabie Saoudite
99%
0Oman
97%
839Égypte
96%
442Émirats arabes unis
94%
858Iran
94%
1212Irak
92%
615Qatar
90%
133Somalie
90%
109Éthiopie
88%
29Érythrée
85%
480Soudan
82%
771Bahreïn
79%
20Djibouti
79%
1493Jordanie
76%
1106Koweït
76%
1070Soudan du Sud
72%
985Kenya
67%
1206Pakistan
65%
1504Afghanistan
54%
1397Ouganda
41%

Distribution des résultats

Percentile par nombre de réponses

% des personnes avec chaque résultat

Votre développement - résultats

Vous n’avez pas pris ce quiz